Social responsibility of companies operating in the Czech Republic - student awareness survey /

Hlavní autor: Průša, Přemysl, 1980-
Korporativní autor: Vysoká škola ekonomická v Praze
Jazyk: Angličtina
Vydáno: Praha : Oeconomica, 2008
Edice: Faculty of International Relations Working papers, vol. II, 27/2008
Témata:
Fyzický popis: 24 s. ; 25 cm
Language note: České resumé
Knihy
Uloženo v:
LEADER 02013nam a2200529 a 4500
001 nkc20091857565
003 CZ PrNK
005 20090519091107.0
007 ta
008 090223s2008 xr f 000 0 eng
015 |a cnb001857565 
020 |a 978-80-245-1494-9  |q (brož.) 
035 |a (OCoLC)320228187 
040 |a OLA001  |b cze  |d ABA001 
041 0 |a eng  |b cze 
043 |a e-xr--- 
072 7 |a 005  |x Management. Řízení  |2 Konspekt  |9 4 
080 |a 005.35  |2 MRF 
080 |a 378.011.3-052  |2 MRF 
080 |a 303  |2 MRF 
080 |a (437.3)  |2 MRF 
080 |a (048.8)  |2 MRF 
100 1 |a Průša, Přemysl,  |d 1980-  |7 mzk2007430834  |4 aut 
245 1 0 |a Social responsibility of companies operating in the Czech Republic - student awareness survey /  |c Přemysl Průša 
260 |a Praha :  |b Oeconomica,  |c 2008 
300 |a 24 s. ;  |c 25 cm 
490 1 |a Faculty of International Relations Working papers,  |x 1802-6591 ;  |v vol. II, 27/2008 
500 |a Na obálce název edice: Working papers Fakulty mezinárodních vztahů 
504 |a Obsahuje bibliografii 
546 |a České resumé 
550 |a Vydavatel: Vysoká škola ekonomická v Praze 
650 0 7 |a společenská odpovědnost firem  |7 ph257195  |z Česko  |2 czenas 
650 0 7 |a vysokoškolští studenti  |7 ph127281  |z Česko  |2 czenas 
650 0 7 |a sociální výzkum  |7 ph210144  |z Česko  |2 czenas 
650 0 9 |a corporate social responsibility  |z Czechia  |2 eczenas 
650 0 9 |a college students  |z Czechia  |2 eczenas 
650 0 9 |a social research  |z Czechia  |2 eczenas 
653 0 |a výzkum povědomí 
655 7 |a studie  |7 fd133597  |2 czenas 
655 9 |a studies  |2 eczenas 
710 2 |a Vysoká škola ekonomická v Praze  |7 kn20010709403 
810 2 |a Vysoká škola ekonomická v Praze.  |b Fakulta mezinárodních vztahů.  |t Working papers  |0 s 
910 2 |a BOA001  |b 3-1218.791 
990 |a BK 
995 |a 01 
991 |b 200904  |c NOV 
996 6 |b 2610372286  |c 3-1218.791  |l MZK  |r Sklad / do 1 hodiny  |n 2  |p p.v.  |w 000931081  |u 000010  |a 1  |e BOA001  |j MZK50  |s P